Diccionario de Internet biblingue: la guía esencial para comunicarse en la red

I tiakina i:
Ngā taipitopito rārangi puna kōrero
Kaituhi matua: Crumlish, Christian (Author)
Hōputu: Pukapuka
Reo:Pāniora
Ingarihi
I whakaputaina: Bogotá McGraw-Hill 1996
Ngā marau:
Ngā Tūtohu: Tāpirihia he Tūtohu
Kāore He Tūtohu, Me noho koe te mea tuatahi ki te tūtohu i tēnei pūkete!

MARC

LEADER 00000nam a2200000 a 4500
001 UCT2529
003 CL-VaPUC
008 961011e19960000CK |||||||||||||||||spa|d
041 0 7 |a spa  |2 CL-VaPUC 
041 0 7 |a eng  |2 CL-VaPUC 
082 0 4 |a 004.603  |b CRU  |2 21 
100 0 |a Crumlish, Christian  |e author  |9 371542 
245 1 0 |a Diccionario de Internet biblingue: la guía esencial para comunicarse en la red 
300 |a 223 p 
942 |c BK 
945 |d 19961011 00:00:00  |a rleighto 
260 |a Bogotá  |b McGraw-Hill  |c 1996 
650 0 |a Redes de información  |9 230208 
650 7 |a CORREO ELECTRONICO  |2 CL-VaPUC  |9 340458 
650 0 |a Proceso de datos   |9 259776 
650 0 |a Diccionarios  |9 256200 
650 0 |a Internet   |9 254823 
583 |a last modification  |c 19961011 00:00:00  |k Rodrigo Vera 
999 |c 252591  |d 252589 
952 |0 0  |1 0  |4 0  |6 004_603000000000000_CRU_1996  |7 0  |8 X  |9 272524  |a BIBEDU  |b BIBEDU  |d 2019-11-19  |i 3240479  |o 004.603 CRU 1996  |p 3240479  |r 2023-01-13  |w 2019-11-19  |y BK_X  |k LIT